[Event "ch-Commonwealth"]
[Site "Nagpur IND"]
[Date "2008.10.05"]
[Round "10"]
[White "Nandhidhaa,P"]
[Black "Hasan,Me"]
[Result "0-1"]
[WhiteElo "1797"]
[BlackElo "2264"]

1.e4 c5 2.Nf3 d6 3.d4 cxd4 4.Nxd4 Nf6 5.Nc3 a6 6.f3 e5 7.Nb3 Be6 8.Be3 Be7
9.Qd2 O-O 10.O-O-O Nbd7 11.g4 b5 12.g5 b4 13.Nd5 Nxd5 14.exd5 Bf5 15.h4 a5
16.Kb1 a4 17.Nc1 b3 18.Bd3 Bxd3 19.Qxd3 bxa2+ 20.Nxa2 f5 21.gxf6 Bxf6 22.Qe4 Qc7
23.Rhg1 Rfb8 24.h5 Qb7 25.Bc1 Nc5 26.Qe3 e4 27.Qa3 e3 28.Nc3 Qb4 29.Qxb4 Rxb4
30.Na2 Rxb2+ 31.Bxb2 Rb8 32.c3 a3 33.Nb4 axb2 34.Kc2 Na4 35.Rd3 e2 36.Re1 Re8
37.Rd2 Bh4 38.Rexe2 Rxe2 39.Rxe2 b1=Q+ 40.Kxb1 Nxc3+ 41.Kc2 Nxe2 42.Kd3 Nf4+
43.Ke4 Nxh5 44.Kf5 Bg3 45.Kg4 g6 46.Nc6 Kf7 47.Nd8+ Kf6 48.Ne6 Be5 49.Nf8 Kg7  0-1

[Event "1st WMSG Rapid Ind"]
[Site "Beijing CHN"]
[Date "2008.10.07"]
[Round "9"]
[White "Kryvoruchko,Y"]
[Black "Banikas,H"]
[Result "1-0"]
[WhiteElo "2627"]
[BlackElo "2572"]

1.e4 c5 2.Nf3 d6 3.d4 cxd4 4.Nxd4 Nf6 5.Nc3 a6 6.Be3 Ng4 7.Bc1 Nf6 8.f3 Qb6
9.Nb3 e6 10.Bf4 Nbd7 11.Qd2 Ne5 12.O-O-O Be7 13.Nd4 Qc7 14.g4 Nfd7 15.Bg5 Bxg5
16.Qxg5 O-O 17.h4 b5 18.h5 b4 19.Nd5 Qd8 20.Qxd8 Rxd8 21.Nxb4 Bb7 22.Be2 a5
23.Nd3 d5 24.Nxe5 Nxe5 25.f4 Nc6 26.e5 Nxd4 27.Rxd4 f6 28.g5 fxg5 29.fxg5 Rf8
30.Bg4 Kf7 31.h6 Ke7 32.hxg7 Rf7 33.Rh6 Rxg7 34.Rxe6+ Kd8 35.c4 Rxg5 36.cxd5 h5
37.Rd6+ Ke8 38.Bd7+ Ke7 39.Be6 Rd8 40.Rb6 Bc8 41.Rc4 Bd7 42.Bxd7 Rxd7 43.Re6+ Kd8
44.d6 Rdg7 45.Kc2 Rg4 46.Kc3 Rg1 47.Kd4 Kd7 48.Rh6 R7g4+ 49.Kc5 Rxc4+ 50.Kxc4 Rc1+
51.Kb5 Rc2 52.Rh7+ Ke6 53.Re7+ Kf5 54.d7  1-0

[Event "Chigorin Memorial"]
[Site "St Petersburg RUS"]
[Date "2008.10.08"]
[Round "6"]
[White "Shlakich,A"]
[Black "Kopasov,E"]
[Result "1-0"]
[WhiteElo "2203"]
[BlackElo "2046"]

1.e4 c5 2.Nf3 d6 3.d4 cxd4 4.Nxd4 Nf6 5.Nc3 a6 6.Be3 Ng4 7.Bc1 Nf6 8.f3 e5
9.Nb3 Be6 10.Be3 h5 11.Qd2 Nbd7 12.O-O-O Be7 13.Kb1 Qc7 14.Be2 b5 15.Nd5 Bxd5
16.exd5 Rc8 17.Rc1 Nb6 18.Bxb6 Qxb6 19.Na5 O-O 20.c4 bxc4 21.Nxc4 Qd4 22.Qxd4 exd4
23.Rhd1 Nxd5 24.Rxd4 Nb4 25.a3 d5 26.Ne5 Rxc1+ 27.Kxc1 Rc8+ 28.Kb1 Bc5 29.Rxb4 Bxb4
30.axb4 Re8 31.f4 f6 32.Bxh5 Rb8 33.Nc6 Rb7 34.Bf3 d4 35.Kc2 Kf8 36.Kd3 a5
37.bxa5 Rxb2 38.a6 Ra2 39.a7 Ke8 40.Na5 Ra3+ 41.Kxd4 Ra4+ 42.Ke3  1-0

[Event "Chigorin Memorial"]
[Site "St Petersburg RUS"]
[Date "2008.10.10"]
[Round "8"]
[White "Denisov,I"]
[Black "Kuzmin,Yuriy"]
[Result "0-1"]
[WhiteElo "2189"]
[BlackElo "2122"]

1.e4 c5 2.Nf3 d6 3.d4 cxd4 4.Nxd4 Nf6 5.Nc3 a6 6.f3 e6 7.a4 Be7 8.Be3 Qc7
9.g4 Nc6 10.g5 Nd7 11.f4 Nxd4 12.Qxd4 e5 13.Qd2 exf4 14.Bxf4 Ne5 15.O-O-O Be6
16.Nd5 Bxd5 17.Qxd5 O-O 18.h4 b5 19.h5 bxa4 20.g6 a3 21.h6 hxg6 22.hxg7 Rfc8
23.Rd2 Bf6 24.Bh3 Nc4 25.Bxc8 a2 26.Kd1 a1=Q+ 27.Ke2 Qxh1 28.Qxa8 Nxd2 29.Bh3+ Qd8  0-1

[Event "Chigorin Memorial"]
[Site "St Petersburg RUS"]
[Date "2008.10.11"]
[Round "9"]
[White "Melnikov,D"]
[Black "Solovjov,S"]
[Result "1-0"]
[WhiteElo "2280"]
[BlackElo "2419"]

1.e4 c5 2.Nf3 d6 3.d4 Nf6 4.Nc3 cxd4 5.Nxd4 a6 6.f3 e5 7.Nb3 Be6 8.Be3 Be7
9.Nd5 Nxd5 10.exd5 Bf5 11.Bd3 Bxd3 12.Qxd3 Nd7 13.O-O O-O 14.c4 f5 15.Rac1 Rc8
16.Rfd1 b6 17.Nd2 Nc5 18.Qe2 a5 19.b3 Bg5 20.a3 Bxe3+ 21.Qxe3 Qh4 22.b4 Nd7
23.c5 bxc5 24.bxa5 c4 25.g3 f4 26.gxh4 fxe3 27.Nxc4 e2 28.Re1 Rxf3 29.Nxd6 Rxc1
30.Rxc1 Rc3 31.Re1 Rxa3 32.Nb7 Rb3 33.Nd8 Rb5 34.Nc6 Nb8 35.Nxb8 Rxb8 36.Kf2 Rb5
37.Ra1 Rxd5 38.Kxe2 Rd7 39.a6 Ra7 40.Kd3 Kf7 41.Kc4 Ke6 42.Kc5 e4 43.Kb6 Ra8
44.a7 Kf5 45.Kb7 Re8 46.a8=Q Rxa8 47.Kxa8 e3 48.Kb7 Ke4 49.Kc6 e2 50.Kd6  1-0

[Event "24th ECC"]
[Site "Kallithea GRE"]
[Date "2008.10.20"]
[Round "4"]
[White "Stubberud,O"]
[Black "Huizer,M"]
[Result "1-0"]
[WhiteElo "2192"]
[BlackElo "2195"]

1.e4 c5 2.Nf3 d6 3.d4 cxd4 4.Nxd4 Nf6 5.Nc3 a6 6.f3 e5 7.Nb3 Be6 8.Be3 h5
9.Qd2 Nbd7 10.O-O-O Rc8 11.Kb1 b5 12.h3 Qc7 13.Bd3 h4 14.f4 Be7 15.Rhe1 g6
16.a3 Nb6 17.Bxb6 Qxb6 18.Nd5 Bxd5 19.exd5 Nd7 20.Qe2 Kf8 21.Bxg6 fxg6 22.Qg4 Qc7
23.Qxg6 Rg8 24.Qf5+ Bf6 25.Re2 Rg7 26.fxe5 dxe5 27.Rf2 Re8 28.Qh5 Qb6 29.Rdf1 Ke7
30.Qh6 Reg8 31.Qd2 Rg6 32.Na5 Kd8 33.Nc6+ Kc7 34.Re2 Nb8 35.Nxe5 Bxe5 36.Rxe5 Rxg2
37.Qc3+ Kb7 38.Rf7+ Ka8 39.Ree7 Rd8 40.Ra7+ Qxa7 41.Rxa7+ Kxa7 42.Qc7+ Ka8
43.Qxd8  1-0

[Event "WYCC Boys U16"]
[Site "Vung Tau City VIE"]
[Date "2008.10.20"]
[Round "1"]
[White "Grandelius,N"]
[Black "Ivanov L.,S"]
[Result "1-0"]
[WhiteElo "2464"]
[BlackElo "2134"]

1.e4 c5 2.Nf3 d6 3.d4 cxd4 4.Nxd4 Nf6 5.Nc3 a6 6.f3 e5 7.Nb3 Be6 8.Be3 Be7
9.Qd2 Nbd7 10.g4 O-O 11.O-O-O b5 12.g5 b4 13.Ne2 Ne8 14.f4 a5 15.f5 a4 16.Nbd4 exd4
17.Nxd4 b3 18.Kb1 bxc2+ 19.Nxc2 Bb3 20.axb3 axb3 21.Na3 Ne5 22.h4 Ra4 23.Rh3 Qa8
24.Qd5 Qxd5 25.Rxd5 Rxe4 26.Nb5 f6 27.Rd4 Rxd4 28.Nxd4 Nc7 29.Bd2 g6 30.Rxb3 fxg5
31.Rb7 Bd8 32.hxg5 gxf5 33.Bb4 Nf7 34.Bc4 d5 35.Bb3 Re8 36.Ba5 Nd6 37.Ra7 Nc8
38.Rxc7 Bxc7 39.Bxd5+ Kg7 40.Bxc7 Re1+ 41.Kc2 Ne7 42.Be6 Nc6 43.Nxf5+ Kg6
44.Bd7 Re2+ 45.Kc3 Ne7 46.Nd4 Nd5+ 47.Kc4 Rxb2 48.Kxd5 Kxg5 49.Nf3+ Kh5 50.Ke4 Rb7
51.Be8+ Kg4 52.Bd6 Rb6 53.Bd7+ Kh5 54.Be5 Kg6 55.Bf5+ Kf7 56.Bxh7 Ke7 57.Nd4 Rb1
58.Bf5 Rc1 59.Bg3 Rg1 60.Bg4 Kf7 61.Be6+ Kg6 62.Bh4 Rh1 63.Nf3 Rf1 64.Be7 Kg7
65.Kf4 Kg6 66.Bg4 Rd1 67.Nh4+ Kg7 68.Bh5 Rh1 69.Nf5+  1-0

[Event "WYCC Girls U16"]
[Site "Vung Tau City VIE"]
[Date "2008.10.20"]
[Round "1"]
[White "Palmitessa,C"]
[Black "Newrkla,K"]
[Result "0-1"]
[WhiteElo "1772"]
[BlackElo "2071"]

1.e4 c5 2.Nf3 d6 3.d4 cxd4 4.Nxd4 Nf6 5.Nc3 a6 6.f3 e6 7.Be3 b5 8.Qd2 Nbd7
9.Bd3 Nb6 10.h4 Qc7 11.O-O-O Rb8 12.Kb1 Nc4 13.Bxc4 bxc4 14.Qe2 Bd7 15.f4 Qb7
16.Bc1 Be7 17.g4 h5 18.gxh5 Nxh5 19.Qxc4 Nxf4 20.Nb3 Ng6 21.h5 Ne5 22.Qd4 Qb6
23.Qxb6 Rxb6 24.Be3 Rb4 25.a3 Rb8 26.Bf4 Nc4 27.Rd4 Rc8 28.Bg3 Bf6 29.Rd3 Rc6
30.Rhd1 Rxh5 31.Bxd6 Nxd6 32.Rxd6 Rxd6 33.Rxd6 a5 34.Ra6 Bxc3 35.bxc3 a4
36.Nd4 e5 37.Nf3 f6 38.Rd6 Ke7 39.Rd3 g5 40.Kb2 g4 41.Ng1 Bb5 42.Rg3 Rg5
43.Kc1 Bc6 44.Re3 g3 45.Kd2 Rg4 46.Kd3 g2 47.Re1 Kd6 48.Nf3 f5  0-1

[Event "24th ECC"]
[Site "Kallithea GRE"]
[Date "2008.10.21"]
[Round "5"]
[White "Eames,R"]
[Black "Broekmeulen,Ja"]
[Result "1-0"]
[WhiteElo "2329"]
[BlackElo "2325"]

1.e4 c5 2.Nf3 d6 3.d4 cxd4 4.Nxd4 Nf6 5.Nc3 a6 6.f3 e5 7.Nb3 Be6 8.Be3 Be7
9.Qd2 O-O 10.O-O-O a5 11.Kb1 a4 12.Nc1 Ra5 13.g4 d5 14.g5 d4 15.gxf6 Bxf6
16.Qg2 Qe7 17.Nd5 Bxd5 18.Bd2 Rc5 19.exd5 Rxd5 20.Bc4 Rdd8 21.Rhg1 Kh8 22.Nd3 Qc7
23.Bb5 a3 24.Bb4 axb2 25.Bxf8 Rxf8 26.Nf2 g6 27.Ne4 Bg7 28.h4 h5 29.Rd3 Nc6
30.Bxc6 bxc6 31.c4 Qe7 32.Qg5 Qe6 33.c5 f5 34.Qxg6 Qxg6 35.Rxg6 fxe4 36.fxe4 Rf4
37.Kxb2 Kh7 38.Rxc6 Rxe4 39.Rc7 Kh6 40.c6 Re2+ 41.Kb3 e4 42.Rxg7 exd3 43.Rd7 Rc2
44.Rxd4 Rxc6 45.a4 Rc1 46.Rxd3 Kg6 47.a5 Rb1+ 48.Kc4 Rc1+ 49.Kb5 Rb1+ 50.Ka4 Ra1+
51.Ra3 Rh1 52.a6 Rxh4+ 53.Kb5 Re4 54.a7 Re8 55.a8=Q Rxa8 56.Rxa8 Kf5 57.Kc4 h4
58.Kd3 Kf4 59.Ke2 Kg3 60.Rg8+ Kh3 61.Kf2  1-0

[Event "WYCC Boys U14"]
[Site "Vung Tau City VIE"]
[Date "2008.10.24"]
[Round "6"]
[White "Idani,P"]
[Black "Lagarde,Max"]
[Result "0-1"]
[WhiteElo "2067"]
[BlackElo "2332"]

1.e4 c5 2.Nf3 d6 3.d4 cxd4 4.Nxd4 Nf6 5.Nc3 a6 6.f3 e6 7.Be3 b5 8.g4 Nbd7
9.Qd2 Nb6 10.Qf2 Nfd7 11.O-O-O Bb7 12.Bd3 Rc8 13.Kb1 Rxc3 14.bxc3 Qc7 15.Ne2 d5
16.e5 Na4 17.Bd4 Nxe5 18.Qg3 Bd6 19.f4 Nxd3 20.Rxd3 O-O 21.Qh4 f6 22.Rh3 h6
23.g5 fxg5 24.fxg5 Be7 25.Bf6 Bxf6 26.gxf6 Rxf6 27.Rg1 Kh7 28.Rhg3 Rf7 29.Qg4 Qe7
30.Nd4 Bc8 31.Qg6+ Kh8 32.Rh3 Qf8 33.Nf3 e5 34.Rhg3 Qa3  0-1

[Event "8th Rohde Open"]
[Site "Sautron FRA"]
[Date "2008.10.26"]
[Round "2"]
[White "Delorme,Al"]
[Black "Carlsson,P"]
[Result "0-1"]
[WhiteElo "2257"]
[BlackElo "2515"]

1.e4 c5 2.Nf3 d6 3.d4 cxd4 4.Nxd4 Nf6 5.Nc3 a6 6.f3 e5 7.Nb3 Be6 8.Be3 Be7
9.Qd2 O-O 10.O-O-O a5 11.Bb5 Nbd7 12.Qf2 Rc8 13.Kb1 Rxc3 14.bxc3 Qc7 15.Rd3 a4
16.Bxa4 Qc4 17.Bxd7 Nxd7 18.Rhd1 Ra8 19.Rd5 Nf6 20.Qd2 Qa4 21.c4 Qxa2+ 22.Kc1 Qa3+
23.Kb1 Qa2+ 24.Kc1 Nxd5 25.cxd5 Qa3+ 26.Kb1 Qa2+ 27.Kc1 Bd7 28.Qc3 Rc8 29.Qb2 Qa6
30.Kb1 Qe2 31.Rd3 Qxg2 32.Nd2 Qh1+ 33.Ka2 Qxh2 34.Qxb7 Qh3 35.c4 Bd8 36.c5 dxc5
37.Nc4 Rc7 38.Qb8 Rc8 39.Qb7 Rc7 40.Qb8 Bc8 41.d6 Rb7 42.Qa8 Qf1  0-1

[Event "Magistral Endesa GM"]
[Site "Endesa CHI"]
[Date "2008.10.29"]
[Round "7"]
[White "Lopez Silva,H"]
[Black "Valdes Escobar,A"]
[Result "1-0"]
[WhiteElo "2410"]
[BlackElo "2305"]

1.e4 c5 2.Nf3 d6 3.d4 cxd4 4.Nxd4 Nf6 5.Nc3 a6 6.f3 e5 7.Nb3 Be7 8.Be3 Be6
9.Qd2 Nbd7 10.g4 b5 11.g5 Nh5 12.O-O-O O-O 13.Kb1 Rc8 14.Nd5 Bxd5 15.exd5 f5
16.gxf6 Bxf6 17.Na5 Nf4 18.Nc6 Qc7 19.c4 bxc4 20.Bxc4 Nb6 21.Bb3 Kh8 22.Rc1 Qb7
23.Qb4  1-0

[Event "Magistral Endesa GM"]
[Site "Endesa CHI"]
[Date "2008.10.31"]
[Round "9"]
[White "Lopez Silva,H"]
[Black "Valenzuela Fuentealba,L"]
[Result "0-1"]
[WhiteElo "2410"]
[BlackElo "2434"]

1.e4 c5 2.Nf3 d6 3.d4 cxd4 4.Nxd4 Nf6 5.Nc3 a6 6.f3 e5 7.Nb3 Be7 8.Be3 Be6
9.Qd2 O-O 10.O-O-O Nbd7 11.g4 b5 12.Rg1 Nb6 13.Na5 Qc7 14.g5 Nfd7 15.Nd5 Bxd5
16.exd5 Nxd5 17.Qxd5 Qxa5 18.Bd3 g6 19.h4 Nc5 20.h5 Nxd3+ 21.Rxd3 Qc7 22.hxg6 hxg6
23.f4 Rfc8 24.Qg2 Qd7 25.fxe5 Qf5 26.Kb1 dxe5 27.Rf1 Qe6 28.Qh2 Bf8 29.Bd2 Bg7
30.Rh3 e4 31.Bc3 Rxc3 32.Rxc3 Bxc3 33.bxc3 Re8 34.Rh1 Qe5 35.Qh7+ Kf8 36.Rf1 Qg7
37.Qh3 e3 38.Qf3 e2 39.Re1 Qe5 40.Qg4 Kg8 41.Kb2 b4 42.Qc4 bxc3+ 43.Ka3 Qd6+
44.Kb3 Qd2 45.Qh4 Rb8+ 46.Kc4 Qxc2  0-1

[Event "FSIMA November"]
[Site "Budapest HUN"]
[Date "2008.11.01"]
[Round "1"]
[White "Denisov,I"]
[Black "Szeberenyi,A"]
[Result "1-0"]
[WhiteElo "2189"]
[BlackElo "2310"]

1.e4 c5 2.Nf3 d6 3.d4 cxd4 4.Nxd4 Nf6 5.Nc3 a6 6.f3 Nc6 7.Be3 d5 8.exd5 Nxd5
9.Nxc6 bxc6 10.Nxd5 cxd5 11.Bc5 e5 12.Bxf8 Kxf8 13.Qd2 Be6 14.Bd3 Qb6 15.c3 f6
16.Qf2 Qxf2+ 17.Kxf2 Kf7 18.b4 Rhc8 19.Rhc1 f5 20.g3 g5 21.Be2 f4 22.gxf4 gxf4
23.Bd3 Kf6 24.Rc2 Bf5 25.Bxf5 Kxf5 26.Rd1 d4 27.c4 Rab8 28.a3 a5 29.Rb1 axb4
30.axb4 d3 31.Rc3 e4 32.fxe4+ Kxe4 33.c5 d2 34.Ke2 Rg8 35.Rc4+ Kd5 36.Rxf4 Rg2+
37.Kd3 Re8 38.Rd4+ Kc6 39.Rd1 Rxh2 40.Kc4 Re1 41.Rd6+ Kc7 42.R1xd2 Rxd2 43.Rxd2 h5
44.Rd5 h4 45.Rh5 Re4+ 46.Kb5 Rg4 47.Rh7+ Kc8 48.c6 Rf4 49.Kc5 Rg4 50.b5  1-0

[Event "Pan-American Continental"]
[Site "Boca Raton USA"]
[Date "2008.11.04"]
[Round "5"]
[White "Matsuura,E"]
[Black "Garcia,Gild"]
[Result "1-0"]
[WhiteElo "2469"]
[BlackElo "2410"]

1.e4 c5 2.Nf3 d6 3.d4 cxd4 4.Nxd4 Nf6 5.Nc3 a6 6.f3 e5 7.Nb3 Be6 8.Be3 Nbd7
9.Qd2 b5 10.O-O-O Rc8 11.g4 Nb6 12.Qf2 Nfd7 13.Nd5 Bxd5 14.exd5 Be7 15.Kb1 Bh4
16.Qg2 Nc4 17.Bc1 a5 18.g5 O-O 19.Nd4 exd4 20.Rxd4 Be1 21.Bxc4 Bc3 22.bxc3 bxc4
23.Ka1 Re8 24.h4 Qb6 25.Ba3 Re3 26.Rb1 Qc7 27.Re4 Re8 28.Rxe8+ Rxe8 29.Qd2 Ne5
30.f4 Ng4 31.Re1 Re7 32.h5 f5 33.gxf6 Nxf6 34.Re6 Qa7 35.Qe1 Nxd5 36.Bxd6 Ne3
37.Rxe7 Qxe7 38.Bxe7 Nxc2+ 39.Kb2 Nxe1 40.Ka3 Nd3 41.Bd6 Kf7 42.Ka4 Ke6 43.Bb8 Kd7
44.Kb5 Kc8 45.Be5 g5 46.hxg6 hxg6 47.Kxc4 Nc1 48.a3 Kd7 49.Kd5 a4 50.c4 Nd3
51.c5 Ne1 52.c6+ Kc8 53.Bd6 Nc2 54.Kc4 Ne3+ 55.Kb5 Nf5 56.Be5 Ne7 57.Kc5 Nf5
58.Kb4 Ne7 59.Kb5 Nf5 60.Kxa4 Ng3 61.Kb5 Ne4 62.a4 g5 63.fxg5 Nxg5 64.a5  1-0

[Event "Russia Cup Final w"]
[Site "Serpuhov RUS"]
[Date "2008.11.06"]
[Round "1.2"]
[White "Severiukhina,Z"]
[Black "Ambartsumova,K"]
[Result "1/2-1/2"]
[WhiteElo "2318"]
[BlackElo "2231"]

1.e4 c5 2.Nf3 d6 3.d4 cxd4 4.Nxd4 Nf6 5.Nc3 a6 6.f3 e5 7.Nb3 Be6 8.Be3 Be7
9.Qd2 O-O 10.O-O-O Nbd7 11.g4 b5 12.g5 b4 13.Ne2 Ne8 14.Ng3 a5 15.Kb1 a4
16.Nc1 a3 17.b3 Nc7 18.f4 exf4 19.Bxf4 d5 20.Nf5 Nc5 21.Bg2 Bxf5 22.exf5 Nb5
23.Ne2 Qa5 24.Be5 Ne4 25.Bxe4 dxe4 26.f6 Bc5 27.fxg7 Rfe8 28.Qf4 Rxe5 29.Qxe5 Bd4
30.Qxe4 Bxg7 31.Rd7 Rf8 32.Qd5 Qa6 33.Qc4 Qb6 34.Rf1 Nd6 35.Qf4 Qb5 36.Rxd6 Qxe2
37.Rd2 Qb5 38.h4 Qc5 39.Rd3 Qe7 40.h5 Re8 41.Rfd1 Qc5 42.Rd7 Rf8 43.Rc7 Qa5
44.Rb7 Qc5 45.Rc7 Qa5 46.Rb7 Qc5 47.Rc7 Qa5  1/2-1/2

[Event "Pan-American Continental"]
[Site "Boca Raton USA"]
[Date "2008.11.07"]
[Round "9"]
[White "Arenas,D"]
[Black "Gonzales,Man"]
[Result "1-0"]
[WhiteElo "2323"]
[BlackElo "2312"]

1.e4 c5 2.Nf3 d6 3.d4 cxd4 4.Nxd4 Nf6 5.Nc3 a6 6.f3 e6 7.Be3 Nc6 8.Qd2 Be7
9.O-O-O O-O 10.g4 Nd7 11.h4 Nde5 12.Qf2 Qc7 13.g5 b5 14.Kb1 Bd7 15.Rg1 Nxd4
16.Bxd4 b4 17.Ne2 Rfc8 18.Rc1 Nc4 19.Nf4 d5 20.Nh5 e5 21.Nf6+ Bxf6 22.gxf6 g6
23.Bxc4 dxc4 24.Be3 Qc6 25.h5 Qxf6 26.Bg5 Qe6 27.Rh1 Rc7 28.hxg6 Qxg6 29.Rcg1  1-0

[Event "Open"]
[Site "Kaikoura NZL"]
[Date "2008.11.11"]
[Round "7"]
[White "Nokes,R"]
[Black "Toth,And1"]
[Result "1/2-1/2"]
[WhiteElo "2293"]
[BlackElo "2401"]

1.e4 c5 2.Nf3 d6 3.d4 cxd4 4.Nxd4 Nf6 5.Nc3 a6 6.f3 e5 7.Nb3 Be6 8.Be3 Be7
9.Qd2 O-O 10.O-O-O a5 11.Bb5 Na6 12.Qe2 Qb8 13.Kb1 Nc7 14.a4 Rc8 15.Bd3 d5
16.exd5 Ncxd5 17.Nxd5 Nxd5 18.Bc1 Nb4 19.Rhe1 Nxd3 20.Qxd3 Rc4 21.Re4 Rxe4
22.Qxe4 Qc7 23.Bd2 Qd7 24.Qxe5 Bxb3 25.cxb3 Qd3+ 26.Ka2 Bb4  1/2-1/2

[Event "38th Olympiad w"]
[Site "Dresden GER"]
[Date "2008.11.14"]
[Round "2"]
[White "Kaydanovich,M"]
[Black "Newrkla,K"]
[Result "1/2-1/2"]
[WhiteElo "1855"]
[BlackElo "2071"]

1.e4 c5 2.Ne2 d6 3.d4 cxd4 4.Nxd4 Nf6 5.Nc3 a6 6.f3 e6 7.Be3 b5 8.Qd2 Nbd7
9.O-O-O Bb7 10.h4 Be7 11.g4 Nb6 12.h5 b4 13.Nb1 d5 14.e5 Nfd7 15.f4 Nc4 16.Bxc4 dxc4
17.Rhg1 Rc8 18.Qf2 c3 19.Nb3 Be4 20.Nc5 cxb2+ 21.Kxb2 Bxc5 22.Bxc5 Qc7 23.Bd6 Qxc2+
24.Qxc2 Rxc2+ 25.Kb3 Nc5+ 26.Kxb4 Nd3+ 27.Kb3 Nc5+ 28.Kb4 Nd3+ 29.Kb3 Nc5+
30.Kb4 Nd3+  1/2-1/2

[Event "38th Olympiad"]
[Site "Dresden GER"]
[Date "2008.11.14"]
[Round "2"]
[White "Gajadin,D"]
[Black "Yueh Wei Po"]
[Result "1-0"]
[WhiteElo "2191"]
[BlackElo "1920"]

1.e4 c5 2.Nf3 d6 3.d4 cxd4 4.Nxd4 Nf6 5.Nc3 a6 6.f3 e5 7.Nb3 Be6 8.Be3 Be7
9.Qd2 Nbd7 10.Qf2 b5 11.a3 Rb8 12.Bd3 Qc7 13.O-O O-O 14.Rfd1 Nb6 15.Bxb6 Rxb6
16.Kh1 Rbb8 17.Ne2 d5 18.Ng3 dxe4 19.Nxe4 Nxe4 20.Bxe4 Rbd8 21.Rd3 Rxd3 22.Bxd3 Rd8
23.Qe2 f5 24.Re1 Bf6 25.Nd2 Qc5 26.Nf1 Qc6 27.Ng3 Qd7 28.Nh5 Qd4 29.Nxf6+ gxf6
30.b3 Qf4 31.h3 Kf7 32.b4 Rg8 33.Qf2 Rd8 34.Qc5 Rd7 35.Qf2 Bc4 36.Bxc4+ Qxc4
37.Rf1 Qc3 38.Qh4 Qxa3 39.Qxh7+ Ke6 40.Qg8+ Ke7 41.Qg7+ Ke6 42.Qf8 Qc3 43.Qe8+ Re7
44.Qg8+ Rf7 45.Qa8 Rd7 46.Qxa6+ Rd6 47.Qxb5 Qxc2 48.Qe8+ Kd5 49.Ra1 Kc4 50.Qc8+ Kd3
51.Qxf5+ Kc3 52.Qc8+ Kd2 53.Qxc2+ Kxc2 54.b5 f5 55.Ra6 Rd1+ 56.Kh2 Rb1 57.Rf6 e4
58.fxe4 fxe4 59.Kg3 e3 60.Rc6+ Kd2 61.Rd6+ Kc3 62.Kf3 Rb2 63.Kxe3 Rxg2 64.Kf4 Rh2
65.Kg4 Rg2+ 66.Kh5 Kc4 67.b6 Kc5 68.Rg6 Rb2 69.h4 Kd5 70.Kh6 Ke5 71.h5 Kf5
72.Kg7 Rd2 73.Rf6+ Kg5 74.h6 Rd7+ 75.Rf7 Rd6 76.h7 Rg6+ 77.Kf8 Rh6 78.b7  1-0

[Event "38th Olympiad w"]
[Site "Dresden GER"]
[Date "2008.11.16"]
[Round "4"]
[White "Dewi,A"]
[Black "Korbut,E"]
[Result "0-1"]
[WhiteElo "1802"]
[BlackElo "2459"]

1.e4 c5 2.Nf3 d6 3.d4 cxd4 4.Nxd4 Nf6 5.Nc3 a6 6.f3 e6 7.Be3 b5 8.g4 Nfd7
9.h4 Nb6 10.a3 N8d7 11.g5 Bb7 12.Bh3 Rc8 13.h5 g6 14.Bg4 gxh5 15.Bxh5 Qe7
16.f4 Rxc3 17.bxc3 Nc4 18.Bf2 Bxe4 19.Bf3 Nc5 20.Nc6 Qc7 21.Bxe4 Nxe4 22.Qd4 Qxc6
23.Qxh8 Ng3 24.Qxh7 Nxh1 25.Ke2 Nxf2 26.Kxf2 Qc5+ 27.Kg2 Ne3+ 28.Kh3 Nf5
29.Rf1 Qxc3+ 30.Kh2 Qxc2+ 31.Kg1 d5 32.g6 Bc5+  0-1

[Event "9th Open"]
[Site "Liberec CZE"]
[Date "2008.11.17"]
[Round "3"]
[White "Mojzis,Jan"]
[Black "Kopasov,E"]
[Result "1/2-1/2"]
[WhiteElo "2157"]
[BlackElo "2046"]

1.e4 c5 2.Nf3 d6 3.d4 cxd4 4.Nxd4 Nf6 5.Nc3 a6 6.f3 e5 7.Nb3 Be6 8.Be3 Be7
9.Qd2 O-O 10.O-O-O Qc7 11.g4 Rc8 12.g5 Nh5 13.Nd5 Bxd5 14.exd5 Nd7 15.Bh3 a5
16.Kb1 a4 17.Nc1 a3 18.b3 g6 19.Ne2 Bf8 20.Ng3 Nf4 21.Bxd7 Qxd7 22.Ne4 Nh5
23.Ng3 Nf4 24.Ne4 Nh5 25.Ng3  1/2-1/2

[Event "9th Open"]
[Site "Liberec CZE"]
[Date "2008.11.22"]
[Round "9"]
[White "Mojzis,Jan"]
[Black "Plischki,S"]
[Result "0-1"]
[WhiteElo "2157"]
[BlackElo "2409"]

1.e4 c5 2.Nf3 d6 3.d4 cxd4 4.Nxd4 Nf6 5.Nc3 a6 6.f3 e6 7.Be3 b5 8.Qd2 Nbd7
9.g4 Nb6 10.g5 Nfd7 11.h4 Bb7 12.Bd3 Rc8 13.O-O-O Ne5 14.Kb1 Nbc4 15.Bxc4 Nxc4
16.Qd3 Qc7 17.Bc1 b4 18.Nce2 g6 19.h5 Bg7 20.hxg6 hxg6 21.Rxh8+ Bxh8 22.Rh1 Bg7
23.Rh7 Kf8 24.f4 Kg8 25.Rh1 e5 26.Nf3 Qc6 27.fxe5 Qxe4 28.Rf1 dxe5 29.Nh2 Nd6
30.Ng3 Qxd3 31.cxd3 e4 32.dxe4 Nxe4 33.Nxe4 Bxe4+ 34.Ka1 Bf5 35.Nf3 Rc2 36.Nd2 a5
37.Re1 a4  0-1

[Event "38th Olympiad"]
[Site "Dresden GER"]
[Date "2008.11.23"]
[Round "10"]
[White "Gulbas,C"]
[Black "Gateri,M"]
[Result "1-0"]
[WhiteElo "2371"]
[BlackElo "2189"]

1.e4 c5 2.Nf3 d6 3.d4 cxd4 4.Nxd4 Nf6 5.Nc3 a6 6.f3 e5 7.Nb3 Be6 8.Be3 Nbd7
9.Qd2 Be7 10.O-O-O b5 11.Qf2 O-O 12.Kb1 Qc7 13.g4 b4 14.Nd5 Bxd5 15.exd5 a5
16.g5 Nh5 17.Bb5 a4 18.Nd2 a3 19.b3 Nf4 20.Bxf4 exf4 21.Bxd7 Qxd7 22.h4 f6
23.Rhg1 Qf5 24.Ne4 fxg5 25.hxg5 Qe5 26.Qd4 Rf5 27.Qxe5 Rxe5 28.Rd4 Rb8 29.c3 bxc3
30.Kc2 Rc8 31.b4 Kf7 32.b5 Kg6 33.b6 Rb8 34.Rb1 Rb7 35.Rc4 Bd8 36.Rc6 Rxd5
37.Nxd6 Rb8 38.b7 Rd2+ 39.Kxc3 Ba5+ 40.Kb3 Kxg5 41.Ne4+ Kf5 42.Nxd2 Rxb7+
43.Kc4  1-0

[Event "38th Olympiad"]
[Site "Dresden GER"]
[Date "2008.11.25"]
[Round "11"]
[White "Harper,R"]
[Black "Goundar,S"]
[Result "1-0"]
[WhiteElo "2233"]
[BlackElo "1883"]

1.e4 c5 2.Nf3 d6 3.d4 cxd4 4.Nxd4 Nf6 5.Nc3 a6 6.f3 Qb6 7.Nb3 e6 8.Qe2 Qc7
9.Be3 b5 10.g4 Bb7 11.Bg2 Be7 12.h4 h5 13.g5 Nfd7 14.Nd4 g6 15.f4 e5 16.Nf3 exf4
17.Bxf4 Ne5 18.Nd5 Bxd5 19.exd5 Nxf3+ 20.Bxf3 Nd7 21.O-O Rc8 22.Rae1 Ne5
23.Bxe5 dxe5 24.Qxe5 Qxe5 25.Rxe5 Kf8 26.Be4 Bd6 27.Re6 Bc5+ 28.Kh1 Kg7 29.Rxa6 Rhe8
30.Bd3 Re3 31.Kg2 b4 32.Rff6 Bd4 33.Rf4 Bxb2 34.Ra7 Rf8 35.Rxb4 Be5 36.Rd7 Re8
37.Rbb7 Rg3+ 38.Kf2 Rg4 39.Rxf7+ Kg8 40.Rbe7 Rxe7  1-0

[Event "Open"]
[Site "Figueira da Foz POR"]
[Date "2008.12.01"]
[Round "2"]
[White "Silva,St"]
[Black "Kovalyov,A"]
[Result "0-1"]
[WhiteElo "2210"]
[BlackElo "2571"]

1.e4 c5 2.Nf3 d6 3.d4 cxd4 4.Nxd4 Nf6 5.Nc3 a6 6.f3 e5 7.Nb3 Be6 8.Be3 h5
9.Qd2 Nbd7 10.Be2 Be7 11.O-O O-O 12.Nd5 Bxd5 13.exd5 a5 14.c4 g6 15.Kh1 Nh7
16.Rac1 a4 17.Na1 Bg5 18.f4 exf4 19.Bxf4 Re8 20.Rce1 Bxf4 21.Qxf4 Qf6 22.Qd2 Qg5
23.Qd4 Nhf6 24.Nc2 Re5 25.Bf3 Rae8 26.Qf2 Qf4 27.Rxe5 Nxe5 28.b3 h4 29.Qd4 Qg5
30.Bd1 axb3 31.axb3 Kg7 32.Ne1 h3 33.gxh3 Rh8 34.Bg4 Nexg4 35.hxg4 Qxg4 36.Qxg4 Nxg4
37.Nf3 Ra8 38.h3 Ne3 39.Re1 Nf5 40.Re2 Ng3+  0-1

[Event "III Open"]
[Site "Palma de Mallorca ESP"]
[Date "2008.12.08"]
[Round "3"]
[White "Karim,I"]
[Black "Henrichs,W"]
[Result "1-0"]
[WhiteElo "2392"]
[BlackElo "2064"]

1.e4 c5 2.Nf3 d6 3.d4 cxd4 4.Nxd4 Nf6 5.Nc3 a6 6.f3 e5 7.Nb3 Be6 8.Be3 Be7
9.Qd2 O-O 10.O-O-O Nbd7 11.g4 b5 12.Rg1 b4 13.Nd5 Bxd5 14.exd5 Nb6 15.Na5 Nfxd5
16.Nc6 Qc7 17.Nxe7+ Qxe7 18.Bxb6 Nxb6 19.Qxb4 Nc8 20.Bc4 Qc7 21.Bb3 a5 22.Qe4 Nb6
23.a4 Rac8 24.f4 Nd7 25.fxe5 dxe5 26.Ba2 Nc5 27.Qc4 e4 28.Kb1 Qb6 29.Rgf1 Nd3
30.Qb5 Qxb5 31.axb5 Nb4 32.Bb3 e3 33.Rde1 Rce8 34.Rf3 Re5 35.Rfxe3 Rxb5 36.Rf3 h5
37.Bxf7+ Kh7 38.Bg6+ Kxg6 39.gxh5+ Rxh5 40.Rg1+ Kh7 41.Rxf8 Rxh2 42.Rf7 Rxc2
43.Rfxg7+ Kh8 44.R7g2  1-0

[Event "XXI Carlos Torre"]
[Site "Merida MEX"]
[Date "2008.12.14"]
[Round "2"]
[White "Gomez Garrido,C"]
[Black "Tapie Amione,P"]
[Result "1-0"]
[WhiteElo "2454"]
[BlackElo "2253"]

1.e4 c5 2.Nf3 d6 3.d4 cxd4 4.Nxd4 Nf6 5.Nc3 a6 6.f3 e5 7.Nb3 Be6 8.Be3 Nbd7
9.g4 Nb6 10.g5 Nh5 11.Qd2 Be7 12.O-O-O Rc8 13.Rg1 O-O 14.Kb1 Qc7 15.Qf2 Bd8
16.h4 g6 17.f4 Nxf4 18.Bxf4 exf4 19.Nd4 Qe7 20.Nce2 Nc4 21.Nxf4 Ne5 22.Qg3 Bb6
23.Bh3 Bxd4 24.Rxd4 Rc5 25.Rgd1 Nc4 26.Bf1 Rfc8 27.Bxc4 Rxc4 28.c3 Rxd4 29.Rxd4 Rc4
30.Qd3 b5 31.b3 Rxd4 32.Qxd4 Qc7 33.Kb2 Qc5 34.Qxc5 dxc5 35.Nd3 c4 36.Nb4 cxb3
37.axb3 Bc8 38.Nd5 Kg7 39.c4 h6 40.c5 hxg5 41.hxg5 Kf8 42.b4  1-0

[Event "XXI Carlos Torre"]
[Site "Merida MEX"]
[Date "2008.12.16"]
[Round "6"]
[White "Della Morte,P"]
[Black "Vera Gonzalez Quevedo,R"]
[Result "1-0"]
[WhiteElo "2292"]
[BlackElo "2497"]

1.e4 c5 2.Nf3 d6 3.d4 cxd4 4.Nxd4 Nf6 5.Nc3 a6 6.f3 e6 7.Be3 b5 8.Qd2 Nbd7
9.g4 Nb6 10.Qf2 Nfd7 11.O-O-O Bb7 12.Bd3 Rc8 13.Nce2 Qc7 14.Kb1 Nc5 15.h4 Nba4
16.Rc1 b4 17.b3 Nxd3 18.cxd3 Nc5 19.Qe1 a5 20.Rc2 Be7 21.g5 Qd7 22.Nc1 Ba6
23.Qd2 O-O 24.h5 a4 25.Rg1 Ra8 26.Nde2 axb3 27.axb3 Bxd3 28.Nxd3 Nxb3 29.Qxb4 Rfb8
30.Ra2 Na5 31.Bb6 Bd8 32.Rxa5 Rxa5 33.Bxa5 Rxb4+ 34.Bxb4 Qb5 35.Kc2 Bxg5
36.Nc3 Qb6 37.Rxg5 Qe3 38.Rg3 Qh6 39.Rh3 Qg5 40.Rh2 d5 41.exd5 exd5 42.f4 Qg1
43.Re2 h6 44.Nxd5 Qh1 45.Ne7+ Kh7 46.Re5 Qh2+ 47.Kc3 Qh1 48.Kc4 Qd1 49.Nd5 Qc2+
50.Bc3 Qa2+ 51.Kd4 Qh2 52.Kc5 Qh4 53.Bd4 Qh3 54.N3b4 f6 55.Re7 Kg8 56.Kd6 Qa3
57.Bc5 Qf3 58.Nc6 Qxh5 59.Nd4 Qh4 60.Nf5 Qh3 61.Nxg7  1-0